| 000 | 00845 a2200217 4500 | ||
|---|---|---|---|
| 003 | UA-OsUOA | ||
| 005 | 20260330102137.0 | ||
| 008 | 260304b un ||||| |||| 00| 0 ukr d | ||
| 020 | _a9789660272262 | ||
| 040 |
_bukr _cUA-OsUOA |
||
| 080 | _a94:930.85(477)(081) | ||
| 090 |
_a94:930.85(477)(081) _bЯ45 |
||
| 100 |
_aЯкимович Б. _923353 |
||
| 245 |
_aУкраїна та українці: події далекі і близькі. Вибрані праці _bзбірник _cБогдан Якимович |
||
| 260 |
_aЛьвів _bЛНУ ім. Івана Франка _c2014 |
||
| 300 | _a1086 с. | ||
| 650 |
_a94(477) Історія України _940 |
||
| 942 |
_cBK _2udc |
||
| 955 | _a1 | ||
| 999 |
_c579753 _d579753 |
||